|
|
|
|
| LEADER |
00812nam a2200217 a 4500 |
| 001 |
002772807-2 |
| 008 |
091210s1992 enk b 000 0 eng d |
| 010 |
|
|
|a gb 92046755
|
| 020 |
|
|
|a 1853391395 (pbk)
|
| 040 |
|
|
|a UKM
|c UKM
|d UUM
|d HLS
|
| 082 |
0 |
0 |
|a 334.6
|2 20
|
| 100 |
1 |
|
|a Harper, Malcolm.
|
| 245 |
1 |
0 |
|a Their own idea :
|b lessons from workers' co-operatives /
|c Malcolm Harper.
|
| 260 |
|
|
|a London :
|b Intermediate Technology Publications,
|c 1992.
|
| 300 |
|
|
|a vii,149 p. ;
|c 21 cm.
|
| 504 |
|
|
|a Includes Bibliography (p. 148-149.).
|
| 541 |
1 |
|
|e 00005773
|
| 650 |
|
0 |
|a Cooperation.
|
| 852 |
4 |
|
|a Ayesha Abed Library
|j General shelf
|
| 999 |
|
|
|c 6078
|d 6078
|
| 952 |
|
|
|0 0
|1 0
|2 ddc
|4 0
|6 334_600000000000000_HAR_1992
|7 0
|9 6068
|a BRACUL
|b BRACUL
|c GEN
|d 2009-12-14
|g 1645.00
|l 0
|o 334.6 HAR
|p 3010005773
|r 2009-12-14
|t 1
|w 2009-12-14
|y BK
|